• 首页
  • 本馆介绍
  • 公告通知
  • 最新文献
  • 馆藏检索
  • 电子资源
  • 读者导购
  • 参考咨询
  • 我的图书馆
  • 登录
  • 详细信息显示
  • 放入我的书架
  • 预约/预借图书
  • 作者相关作品
  • 分类相关作品
  • 丛书相关作品
  • 出版社相关作品

书目信息

  • 表格格式
  • 工作单格式
  • 卡片格式
书名: Continuous mappings on continua
作者: T. Ma?kowiak
分册号:
分册名:
出版地: Warszawa :
 
出版社: Państwowe Wydawn. Nauk
出版时间: 1979-<1984 >.
页数: v. <1-2 > ;
开本: 24 cm.
丛书名:
中图分类号:
科图分类号:
其他分类号: P161.4
主题词:
电子资源:
000 01099nam 2200337 a 4500
001 E0739921371
005 20070305110538.14
008 00010 eng
008 uu
010    @a83224696 //r91
020    @a8301044276 (pbk. : v. 2).
020    @a8301010967 (pbk. : v. 1).
040    @aDLC @cDLC @dDLC
049    @aN5LA
050 00 @aQA331 @b.M264 1979
090    @a2/O189/MT//////////////269204
090    @aP161.4
096    @aO189 @v2
099    @dP161.4@ex4
100 10 @aMa?kowiak, T.
245 10 @aContinuous mappings on continua / @cT. Ma?kowiak
260 0  @aWarszawa :@bPaństwowe Wydawn. Nauk.,@c1979-<1984 >.
300    @av. <1-2 > ;@c24 cm.
490 1  @aDissertationes mathematicae = @aRozprawy matematyczne, @x0012-3862 ; @v158, <225 >
500    @aVol.
504    @aIncludes bibliographies.
650  0 @aMappings (Mathematics)
650  0 @aContinuum (Mathematics)
700 10 @aTymchatyn, E. D.
830  0 @aRozprawy matematyczne ; @v158, etc. @b00 @c20020930 @lNLC09 @h2249 @lNLC09 @h2329 @lNLC09 @h1921
852 9  @bWWJC @cJ08S @k2 @hO189 @iMT
    
    Continuous mappings on continua / / T. Ma?kowiak.-Warszawa : : Państwowe Wydawn. Nauk., , 1979-<1984 >.
    v. <1-2 > ; ; 24 cm.- (Dissertationes mathematicae = Rozprawy matematyczne, 0012-3862 ; 158, <225 > )
    Vol.-Includes bibliographies.
    
    ISBN 8301044276 (pbk. : v. 2).
    
●
相关链接 在E读中查询图书 在五车中查询图书 在当当中查询图书 在豆瓣中查询图书


正题名:Continuous mappings on continua     索取号:P161.4/x4         预约/预借

序号 登录号 条形码 馆藏地/架位号 状态 备注
1 0000105   300001058   第四借阅区/ [索取号:P161.4/x4] 在馆    
唐山师范学院图书馆 欢迎您!
大连网信软件有限公司© 版权所有